000 00459nam a2200133 a 4500
001 000037882
005 20201002031130.0
008 130307s2003 dr ac 000 0 spa d
040 _aDO-SdBNP
_bspa
_cBNPHU
100 1 _aEnrique de la Rosa, José Enrique
_964326
245 1 0 _aPeña lider infinito :
_bloas, poemas y pensamientos /
_cJosé Enrique de la Rosa.
260 _aSanto Domingo :
_bImpresora Valenzuela,
_c2003.
300 _a61 p. :
_bil., retrs. ;
_c22 cm.
999 _c37372
_d37372